Target Organ Toxicology in Caenorhabditis elegans

This book introduces readers to intestinal and epidermal barriers, and to toxicity induction of environmental toxicants or stresses in the intestine, epidermis, neurons, muscle, and reproductive organs in Caenorhabditis elegans. In addition, it discusses the protective responses of various organs an...

Full description

Bibliographic Details
Main Author: Wang, Dayong (Author, http://id.loc.gov/vocabulary/relators/aut)
Corporate Author: SpringerLink (Online service)
Format: Electronic eBook
Language:English
Published: Singapore : Springer Singapore : Imprint: Springer, 2019.
Edition:1st ed. 2019.
Subjects:
Online Access:Full Text via HEAL-Link
LEADER 04062nam a2200469 4500
001 978-981-13-6010-7
003 DE-He213
005 20191220125833.0
007 cr nn 008mamaa
008 190212s2019 si | s |||| 0|eng d
020 |a 9789811360107  |9 978-981-13-6010-7 
024 7 |a 10.1007/978-981-13-6010-7  |2 doi 
040 |d GrThAP 
050 4 |a RM1-950 
072 7 |a MMG  |2 bicssc 
072 7 |a MED071000  |2 bisacsh 
072 7 |a MKG  |2 thema 
082 0 4 |a 615  |2 23 
100 1 |a Wang, Dayong.  |e author.  |4 aut  |4 http://id.loc.gov/vocabulary/relators/aut 
245 1 0 |a Target Organ Toxicology in Caenorhabditis elegans  |h [electronic resource] /  |c by Dayong Wang. 
250 |a 1st ed. 2019. 
264 1 |a Singapore :  |b Springer Singapore :  |b Imprint: Springer,  |c 2019. 
300 |a XIII, 337 p. 232 illus., 175 illus. in color.  |b online resource. 
336 |a text  |b txt  |2 rdacontent 
337 |a computer  |b c  |2 rdamedia 
338 |a online resource  |b cr  |2 rdacarrier 
347 |a text file  |b PDF  |2 rda 
505 0 |a Protective Responses of Different Organs to Environmental Toxicants or Stresses -- Avoidance Behaviour of Nematodes to Environmental Toxicants or Stresses -- Intestinal Barrier for Nematodes against Toxicity of Environmental Toxicants or Stresses -- Epidermal Barrier for Nematodes against Toxicity of Environmental Toxicants or Stresses -- Toxicity Induction in Intestine and Epidermis in Nematodes Exposed to Environmental Toxicants or Stresses -- Toxicity Induction in Neurons and Muscle in Nematodes Exposed to Environmental Toxicants or Stresses -- Reproductive Toxicity Induction in Nematodes Exposed to Environmental Toxicants or Stresses -- Intestinal Signalling Pathways Required for the Regulation of Toxicity of Environmental Toxicants or Stresses -- Epidermal Signalling Pathways Required for the Regulation of Toxicity of Environmental Toxicants or Stresses -- Neuronal Signalling Pathways Required for the Regulation of Toxicity of Environmental Toxicants or Stresses -- Germline Signalling Pathways Required for the Regulation of Toxicity of Environmental Toxicants or Stresses. 
520 |a This book introduces readers to intestinal and epidermal barriers, and to toxicity induction of environmental toxicants or stresses in the intestine, epidermis, neurons, muscle, and reproductive organs in Caenorhabditis elegans. In addition, it discusses the protective responses of various organs and nematodes' avoidance behaviour with regard to environmental toxicants or stresses. The intestinal, epidermal, neuronal, and germline signalling pathways required for the regulation of toxicity of environmental toxicants or stresses are also introduced and discussed. As a classic model animal with well-described genetic and developmental backgrounds, the nematode Caenorhabditis elegans has been successfully and widely used in both toxicity assessments and toxicological studies on various environmental toxicants and stresses. Once exposure to certain environmental toxicants has occurred, the toxicants can enter into the primary targeted organs (such as intestinal cells), and even be translocated into secondary targeted organs (such as reproductive organs and neurons). Based on related available data, this book provides a systematic understanding of target organ toxicology in C. elegans. 
650 0 |a Pharmacology. 
650 0 |a Cell biology. 
650 0 |a Invertebrates. 
650 1 4 |a Pharmacology/Toxicology.  |0 http://scigraph.springernature.com/things/product-market-codes/B21007 
650 2 4 |a Cell Biology.  |0 http://scigraph.springernature.com/things/product-market-codes/L16008 
650 2 4 |a Invertebrates.  |0 http://scigraph.springernature.com/things/product-market-codes/L25058 
710 2 |a SpringerLink (Online service) 
773 0 |t Springer eBooks 
776 0 8 |i Printed edition:  |z 9789811360091 
776 0 8 |i Printed edition:  |z 9789811360114 
856 4 0 |u https://doi.org/10.1007/978-981-13-6010-7  |z Full Text via HEAL-Link 
912 |a ZDB-2-SBL 
950 |a Biomedical and Life Sciences (Springer-11642)